Normal view
MARC view
- Lal, Dande B B
Entry Personal Name
001 - CONTROL NUMBER
- control field: 6409
003 - CONTROL NUMBER IDENTIFIER
- control field: OSt
005 - DATE AND TIME OF LATEST TRANSACTION
- control field: 20241111110323.0
008 - FIXED-LENGTH DATA ELEMENTS
- fixed length control field: 241111|| aca||aabn | a|a d
040 ## - CATALOGING SOURCE
- Original cataloging agency: OSt
- Transcribing agency: OSt
100 ## - HEADING--PERSONAL NAME
- Personal name: Lal, Dande B B
670 ## - SOURCE DATA FOUND
- Source citation: Work cat.: (OSt)9379: Punmia, B C., Irrigation and water power engineering / , 1990.
